000
00257nam a2200097Ia 4500
001
1120128
005
20250827004619.0
008
250824s9999 xx 000 0 und d
245
0
_a
GÖNÜL GÖZÜ 2-9 1
_c
BÜLENT GARDİYANOĞLU
260
_b
DESTEK YAYINLARI
999
_c
1120128
_d
1120128